• 首页
  • 本馆介绍
  • 公告通知
  • 最新文献
  • 馆藏检索
  • 电子资源
  • 读者导购
  • 参考咨询
  • 我的图书馆
  • 登录
  • 详细信息显示
  • 放入我的书架
  • 预约/预借图书
  • 作者相关作品
  • 分类相关作品
  • 丛书相关作品
  • 出版社相关作品

书目信息

  • 表格格式
  • 工作单格式
  • 卡片格式
题名:
理学纲要
    
 
作者: 吕思勉 著
分册:  
出版信息: 南昌   江西教育出版社  2018
页数: 165页
开本: 23cm
丛书名: 大家学术文库
单 册:
中图分类: B244.05
科图分类:
主题词: 理学--li xue--研究
电子资源:
ISBN: 978-7-5705-0016-1
000 00950nam 2200265 450
001 012001009324
005 20140101114336.0
010    @a978-7-5705-0016-1@dCNY26.00
099    @aCAL 012018089371
100    @a20180709d2018 em y0chiy50 ea
101 0  @achi
102    @aCN@b360000
105    @ay z 000yy
106    @ar
200 1  @a理学纲要@Ali xue gang yao@f吕思勉著
210    @a南昌@c江西教育出版社@d2018
215    @a165页@d23cm
225 2  @a大家学术文库@Ada jia xue shu wen ku
330    @a《理学纲要》是吕思勉关于中国古代理学的提纲挈领之作。迄今为止, 学界关于理学概要、简史性的著作难有超过《理学纲要》者。该书以吕思勉在上海沪江大学讲《中国哲学史》课程时手编讲义为基础, 综合著名理学家重要学说兼及其对社会风俗之影响写作而成。
410  0 @12001 @a大家学术文库
606 0  @a理学@Ali xue@x研究
690    @aB244.05@v5
701  0 @a吕思勉@Alu^ si mian@4著
801  2 @aCN@b上海新华@c20191020
905    @b1187751-4@dB244.05@e86@f4
    
    理学纲要/吕思勉著.-南昌:江西教育出版社,2018
    165页;23cm.-(大家学术文库)
    
    
    ISBN 978-7-5705-0016-1:CNY26.00
    《理学纲要》是吕思勉关于中国古代理学的提纲挈领之作。迄今为止, 学界关于理学概要、简史性的著作难有超过《理学纲要》者。该书以吕思勉在上海沪江大学讲《中国哲学史》课程时手编讲义为基础, 综合著名理学家重要学说兼及其对社会风俗之影响写作而成。
●
相关链接 在E读中查询图书 在五车中查询图书 在当当中查询图书 在豆瓣中查询图书


正题名:理学纲要     索取号:B244.05/86         预约/预借

序号 登录号 条形码 馆藏地/架位号 状态 备注
1 1187751   211877511   第一样本阅览室/ [索取号:B244.05/86] 在馆    
2 1187752   211877520   第一借阅区/ [索取号:B244.05/86] 在馆    
3 1187753   211877539   第一借阅区/ [索取号:B244.05/86] 在馆    
4 1187754   211877548   第一借阅区/ [索取号:B244.05/86] 在馆    
唐山师范学院图书馆 欢迎您!
大连网信软件有限公司© 版权所有